000 00850nam a2200229Ii 4500
003 JO-AjNU
008 230605s9999||||xx |||||||||||||| ||und||
017 _a2001/7765
020 _a9660-35-637-X
040 _aJO-AjNU
_bara
_erda
_cJO-AjNU
041 _aara
050 1 4 _aKRM886.3.2011
100 3 _aأبو قرين ، أحمد عبد العال,
_eauthor
_944739
245 0 0 _aالنظام القانوني لملكية الشقق والطبقات وحقوق الملاك على أجزائها المفروزة والمشتركة
250 _aط3
264 3 1 _aالقاهرة : دار النهضة العربية ، 2001
300 _a183ص
336 _atext
_btxt
_2rdacontent
337 _aunmediated
_bn
_2rdamedia
338 _avolume
_bnc
_2rdacarrier
650 4 _aالملكية -- قوانين وتشريعات -- مصر 
_944740
999 _aA19341
_c22909
_d22909